Rosco de Pasapalabra #95 - Estadísticas

Estadísticas generales
  • Esta prueba ha sido intentada 261 veces
  • La puntuación promedio es 11 de 25
Estadísticas de respuestas
Inicial Definición Respuesta % Correcto
B Narración de la vida de una persona Biografía
93%
C Utensilio que sirve para ayudar a meter el pie en el zapato Calzador
86%
H Expresión usada con saludo familiar Hola
86%
N Perteneciente o relativo al nudismo Nudista
80%
M País europeo con capital en Chisináu Moldavia
75%
T Falto de vista en un ojo Tuerto
64%
P Doblar una cosa de modo que una parte de ella quede aplicada sobre otra, una o más veces Plegar
60%
U Se dice del sufragio en el que tienen derecho a participar todos los ciudadanos, salvo determinadas excepciones Universal
60%
V Murciélago originario de América que se alimenta de sangre Vampiro
60%
Contiene la Q Sustancia para modificar el aspecto de alguien o de su rostro para embellecerlos o caracterizarlos Maquillaje
59%
J Tercera persona del plural del pretérito perfecto simple de indicativo del verbo jalear Jalearon
56%
G Sustancia blanda, temblona y de superficie brillante obtenida cociendo partes de los animales, como los huesos Gelatina
55%
R Buque de formas, resistencia y potencia adecuadas para abrir camino en los mares helados Rompehielos
42%
A Encontrarse o hallarse una cosa que estaba perdida u oculta Aparecer
37%
E Tablero o lienzo pintado de negro o de color oscuro que se usa en las escuelas para escribir o dibujar en él con tiza Encerado
32%
Contiene la Ñ Apelotonamiento que se hace arrugando y apretando algo, por ejemplo con un trozo de papel Gurruño
30%
Z Escuela budista que tiende a alcanzar la iluminación espiritual mediante la meditación Zen
29%
I Persona que practica el arte de producir fenómenos que parecen contradecir los hechos naturales Ilusionista
27%
D Acción de autorizar pagos o cobros con cargo o abono a una cuenta existente en una entidad bancaria Domiciliación
10%
F Sumamente atractivo Fascinante
9%
Contiene la Y Punta de acero que tienen las varas o garrochas de los picadores y vaqueros, con la cual pinchan a las reses Puya
4%
L Grieta de las rocas Litoclasa
2%
Contiene la X Interjección usada para rechazar a alguien o algo que molesta, ofende o daña Oxte
2%
O Nombre del grupo de música al que pertenece el álbum "The Middle of Nowhere", de 1999 Orbital
0%
S Apellido del escritor autor del libro "Permanencia del mito" Sauret
0%
No se encontraron pruebas coincidentes
Distribución de puntuación
Porcentaje de gente con cada puntuación
Porcentaje por número respondido
Historial de tus puntuaciones
No has intentado esta prueba.